Food and beverage service / (Record no. 2743)

MARC details
000 -LEADER
fixed length control field 00806cam a22002417a 4500
001 - CONTROL NUMBER
control field 17508495
003 - CONTROL NUMBER IDENTIFIER
control field 20160510120805.0
005 - DATE AND TIME OF LATEST TRANSACTION
control field 20240606080900.0
008 - FIXED-LENGTH DATA ELEMENTS--GENERAL INFORMATION
fixed length control field 121025s2012 ii ab 000 0 eng d
040 ## - CATALOGING SOURCE
Original cataloging agency SITPL
Transcribing agency SITPL
Modifying agency BTCTA
-- DLC
042 ## - AUTHENTICATION CODE
Authentication code lccopycat
050 00 - LIBRARY OF CONGRESS CALL NUMBER
Classification number TX911.3.M27
Item number S565 2013
100 1# - MAIN ENTRY--PERSONAL NAME
Personal name Andrews Sudhir
245 10 - TITLE STATEMENT
Title Food and beverage service /
260 ## - PUBLICATION, DISTRIBUTION, ETC.
Place of publication, distribution, etc. New Delhi, India :
Name of publisher, distributor, etc. Mc GrawHill,
Date of publication, distribution, etc. 2013.
300 ## - PHYSICAL DESCRIPTION
Extent xxii, 683 p., 8 p. of plates :
Other physical details ill. (some col.), maps ;
Dimensions 24 cm.
504 ## - BIBLIOGRAPHY, ETC. NOTE
Bibliography, etc. note Includes bibliographical references (p. [676]) and index.
650 #0 - SUBJECT ADDED ENTRY--TOPICAL TERM
Topical term or geographic name entry element Food service management.
650 #0 - SUBJECT ADDED ENTRY--TOPICAL TERM
Topical term or geographic name entry element Beverage industry.
906 ## - LOCAL DATA ELEMENT F, LDF (RLIN)
a 7
b cbc
c copycat
d 2
e ncip
f 20
g y-gencatlg
942 ## - ADDED ENTRY ELEMENTS (KOHA)
Source of classification or shelving scheme Library of Congress Classification
Koha item type Books
Holdings
Withdrawn status Lost status Source of classification or shelving scheme Damaged status Not for loan Home library Current library Date acquired Total checkouts Total renewals Full call number Barcode Date last seen Date last checked out Price effective from Koha item type
    Library of Congress Classification     Murang'a University of Technology Library Murang'a University of Technology Library 10/05/2016 18 5 TX911.3.M27 S565 2013 002869 02/03/2026 06/02/2026 10/05/2016 Books